Quick Pick: 'Cars 2' Characters Quiz Stats

 Plays Quiz not verified by Sporcle

Challenge
Share
Tweet
Score 0/15 Timer 01:30
0 Plays Today
% Correct
Lightning McQueen
93.9%
Mater
86.9%
Finn McMissile
86.3%
Holley Shiftwell
84.9%
Miles Axlerod
83.4%
Francesco Bernouli
82.6%
Luigi
81.7%
Professor Zündapp
71.8%
% Correct
Leland Turbo
66.9%
Uncle Topolino
61.6%
Darrell Cartrip
59.3%
Max Schnell
58.7%
Ivan
50.9%
Tomber
47.7%
Siddeley
44.5%

You're not logged in!

Compare scores with friends on all Sporcle quizzes.
OR
Log In

You Might Also Like...

Show Comments

Extras

Top Quizzes Today


Score Distribution

Your Account Isn't Verified!

In order to create a playlist on Sporcle, you need to verify the email address you used during registration. Go to your Sporcle Settings to finish the process.

Report this User

Report this user for behavior that violates our Community Guidelines.

Details: